Chúa ruồi = Lord of the flies

Quyển tiểu thuyết "Chúa ruồi" kể về hoàn cảnh của mấy chục đứa trẻ may mắn sống sót trên một hoang đảo sau khi chiếc máy bay chở chúng đi sơ tán bị trúng đạn trong một cuộc chiến tranh nguyên tử....

Descripción completa

Guardado en:
Detalles Bibliográficos
Autor principal: Golding, William
Formato: Libro
Lenguaje:Undetermined
Publicado: Hà Nội Văn học 2010
Materias:
Etiquetas: Agregar Etiqueta
Sin Etiquetas, Sea el primero en etiquetar este registro!
Thư viện lưu trữ: Trung tâm Học liệu Trường Đại học Cần Thơ
LEADER 00907nam a2200217Ia 4500
001 CTU_158550
008 210402s9999 xx 000 0 und d
020 |c 57000 
082 |a 823.914 
082 |b G619 
100 |a Golding, William 
245 0 |a Chúa ruồi = 
245 0 |b Lord of the flies 
245 0 |c William Golding ; Lê Chu Cầu (dịch) 
260 |a Hà Nội 
260 |b Văn học 
260 |c 2010 
520 |a Quyển tiểu thuyết "Chúa ruồi" kể về hoàn cảnh của mấy chục đứa trẻ may mắn sống sót trên một hoang đảo sau khi chiếc máy bay chở chúng đi sơ tán bị trúng đạn trong một cuộc chiến tranh nguyên tử. 
650 |a Survival after airplane accidents, shipwrecks, etc. 
904 |i Bạch Trúc 
980 |a Trung tâm Học liệu Trường Đại học Cần Thơ